| 000 | 00659nam a22002177a 4500 | ||
|---|---|---|---|
| 003 | KOHA_MİRAKIL | ||
| 005 | 20260508065648.0 | ||
| 008 | 260507b tu ||||| |||| 00| 0 tur d | ||
| 020 | _a9750706229 | ||
| 040 |
_aTR-AnABB _btur _cTR-AnABB |
||
| 041 | _atur | ||
| 082 |
_a818.42 _bBIN 2006 |
||
| 100 | 1 | _aBinyazar, Adnan | |
| 245 | 1 | 0 |
_aDuyguların anakarası / _cAdnan Binyazar |
| 260 |
_aİstanbul : _bCan Yayınları, _c2006 |
||
| 300 |
_a228 sayfa ; _c20 cm |
||
| 500 | _aYazar tarafından Prof. Dr. Ruşen Keleş için imzalanmıştır. | ||
| 650 | 0 | 4 | _aTürk edebiyatı, deneme |
| 900 | _bCan ÇELIK | ||
| 942 |
_2ddc _cBK |
||
| 999 |
_c10371 _d10371 |
||